| 000 | 00735pam a2200241 a 4500 | ||
|---|---|---|---|
| 001 | 2423747 | ||
| 003 | OSt | ||
| 005 | 20240426151856.0 | ||
| 008 | 871209s1989 enka b 001 0 eng | ||
| 010 | _a 87036751 | ||
| 020 | _a0521332559 | ||
| 040 |
_aDLC _cDLC _dDLC |
||
| 050 | 0 | 0 |
_aQC793.2 _b.C34 1989 |
| 082 | 0 | 0 |
_a539 CAH 1989 _219 |
| 100 | 1 |
_aCahn, Robert N.; Goldhaber, Gerson _915444 |
|
| 245 | 1 | 4 | _aThe Experimental Foundations of Particle Physics |
| 260 |
_aCambridge ; _bCambridge University Press, _c1989. |
||
| 300 |
_ax, 428 p. : _bill. ; _c27 cm. |
||
| 504 | _aIncludes bibliograhical references. | ||
| 650 | 0 |
_aPyhsics Particles _93587 |
|
| 906 |
_a7 _bcbc _corignew _d1 _eocip _f19 _gy-gencatlg |
||
| 942 |
_2ddc _cO_SHELF |
||
| 999 |
_c7544 _d7544 |
||